Statistics for Countries next door to Countries Bordering Countries neighboring China

Click here to take the quiz!

General Stats

  • This quiz has been taken 67 times
  • The average score is 9 of 11

Answer Stats

Country% Correct
Iraq
95%
Turkey
90%
Hungary
89%
Romania
87%
Germany
86%
Malaysia
86%
Slovakia
86%
Armenia
83%
Moldova
83%
Sweden
81%
Czech Republic
71%

Score Distribution

Percentile by Number Answered

Percent of People with Each Score

Your Score History

You have not taken this quiz